Software packages for library autmation / (Record no. 155640)

MARC details
000 -LEADER
fixed length control field 00848nam a22002417a 4500
003 - CONTROL NUMBER IDENTIFIER
control field dpl
005 - DATE AND TIME OF LATEST TRANSACTION
control field 20180910160758.0
008 - FIXED-LENGTH DATA ELEMENTS--GENERAL INFORMATION
fixed length control field 180808b xxu||||| |||| 00| 0 eng d
010 ## - LIBRARY OF CONGRESS CONTROL NUMBER
LC control number B-031494
020 ## - INTERNATIONAL STANDARD BOOK NUMBER
International Standard Book Number 8170003032
Terms of availability 500.00
035 ## - SYSTEM CONTROL NUMBER
System control number b-031494, B-031497
040 ## - CATALOGING SOURCE
Original cataloging agency DPL
Language of cataloging EN
Transcribing agency 0
082 ## - DEWEY DECIMAL CLASSIFICATION NUMBER
Classification number 028
Item number VAS
100 ## - MAIN ENTRY--PERSONAL NAME
Personal name Vasanth ,N.
245 ## - TITLE STATEMENT
Title Software packages for library autmation /
Statement of responsibility, etc by N.Vasanth [and] Mahesh v. Mudhol
260 ## - PUBLICATION, DISTRIBUTION, ETC. (IMPRINT)
Place of publication, distribution, etc New Delhi
Name of publisher, distributor, etc Ess Ess Publication
Date of publication, distribution, etc 2000
270 ## - ADDRESS
Address 4837/24 Ansari Road ,Darya Ganj
City New Delhi
Postal code 110002
Fax number 3274173
300 ## - PHYSICAL DESCRIPTION
Extent 189p.
Dimensions 18cm(pbk)
500 ## - GENERAL NOTE
General note Include Appendix
700 ## - ADDED ENTRY--PERSONAL NAME
Personal name Mudhol, Mahesh V.
942 ## - ADDED ENTRY ELEMENTS (KOHA)
Source of classification or shelving scheme Dewey Decimal Classification
Koha item type English Books
Classification part 028
Call number suffix VAS
Holdings
Withdrawn status Lost status Source of classification or shelving scheme Damaged status Not for loan Home library Current library Date acquired Source of acquisition Cost, normal purchase price Total Checkouts Barcode Date last seen Date checked out Copy number Cost, replacement price Price effective from Koha item type Collection code Full call number
    Dewey Decimal Classification     Patel Nagar Patel Nagar 08/08/2018 BPPD/PUB 500.00 1 B-031494 28/01/2019 10/01/2019 1 500.00 08/08/2018 English Books    
    Dewey Decimal Classification     Shahdara Branch Shahdara Branch 23/08/2018 BPPD/PUB 500.00   B-031497 23/08/2018     500.00 23/08/2018 English Books Non-fiction 028-VAS

© Delhi Public Library
Hit Counter
free hit counter